00852cam a2200217 a 4500020004200000020004000042082001500082100002300097245004100120250001200161260003700173300005600210500005500266650003600321700002300357856005400380856006200434942000700496999001500503952011600518 a0079121470 (IBM set : acidfree paper) a0070084963 (cover : acidfree paper)00a515.93 BRO1 aBrown, James Ward.10aComplex variables and applications / a6th ed. aNew York :bMcGraw-Hill,cc1996. axvi, 386 p. :bill. ;e1 computer disk (3 1/2 in.). aChurchill's name appears first on the previous ed. 0aFunctions of complex variables.1 aChurchill, Ruel V.41uhttp://www.loc.gov/catdir/toc/mh031/95009898.html42uhttp://www.loc.gov/catdir/description/mh031/95009898.html cBK c3703d3703 0010708NFICaMLCampusbMLCampuscGENd2016-11-05l0o515.93 BROp003287r2016-11-05 00:00:00w2016-11-05yREF